000 00897nam a2200265 a 4500
001 000028584
005 20240412074254.0
008 091209s1998 dr 000 0 spa d
020 _a8484010112
040 _aDO-SdBNP
_bspa
_cBNPHU
082 _aRD863.42
_bT853n, 1998
100 1 _aTroncoso de la Concha, Manuel de Jesús,
_d1878-1955
_916827
245 1 0 _aNarraciones dominicanas /
_cManuel de Jesús Troncoso de la Concha.
250 _a7a ed.
260 _aSanto Domingo :
_bCENAPEC,
_c1998 .
300 _aix, 302 p. ;
_c23 cm.
490 1 _aBibliófilos;
_v2
500 _aIncluye datos biográficos del autor en la contracubierta
590 _aInventariado, 2019 / DG
650 0 _aCuentos dominicanos
_9176
650 0 _aLiteratura dominicana.
_967
650 4 _aHistoria en la literatura
_91300
830 0 _aBibliófilos;
_n2
_955535
910 _aValidado. Control de calidad MFF
999 _c28076
_d28076